Scooby Doo Quiz - Statistics

General Stats
  • This quiz has been taken 90 times
    89 since last reset
  • The average score is 12 of 19
Answer Stats
Hint Answer % Correct
Leader Fred
100%
latest Movie Scoob
100%
Talking dog Scooby Doo
100%
Fred's Girlfriend Daphne
98%
Scared one Shaggy
98%
Smart one Velma
98%
The Van Mystery Machine
96%
I would have gotten away with it if it weren't for you ___ kids Meddling
78%
group name Mystery Inc.
78%
scoobys nephew Scrappy doo
76%
year it started 1969
63%
number of seasons made 3
51%
2012 Show name Mystery Incorporated
43%
First episode title What a night for a knight
37%
year it stopped running 1978
35%
Famous line Scooby dooby doo
27%
Most well-known villian The Creeper
27%
Creator of show Hanna-Barbara
12%
Best movie Scooby doo Zombie Island
6%
No matching quizzes found
Score Distribution
Percent of People with Each Score
Percentile by Number Answered
Your Score History
You have not taken this quiz since the last reset